[Event "Hastings Masters 2010-11"]
[Site "Hastings ENG"]
[Date "2011.01.02"]
[Round "6.15"]
[White "Grant, Alan G"]
[Black "Swapnil, S. Dhopade"]
[Result "1/2-1/2"]
[BlackTitle "IM"]
[WhiteElo "2219"]
[BlackElo "2409"]
[WhiteFideId "2400723"]
[BlackFideId "5019184"]
[EventDate "2010.12.28"]

1. Nf3 Nf6 2. c4 e6 3. g3 d5 4. Bg2 Be7 5. O-O O-O 6. b3 d4 7. Bb2 c5 8. e3 Nc6
9. exd4 cxd4 10. Re1 Qb6 11. d3 Nd7 12. Ba3 Nc5 13. Bxc5 Bxc5 14. a3 a5 15. Nbd2
Qc7 16. Nh4 Be7 17. Qh5 g6 18. Qe2 Bxh4 19. gxh4 Qf4 20. h5 e5 21. Ne4 Kg7 22.
Qf3 Qh4 23. hxg6 hxg6 24. Qg3 Qe7 25. Nd2 f6 26. f4 Bd7 27. Bxc6 Bxc6 28. fxe5
f5 29. Qf4 Rh8 30. Nf3 Rad8 31. e6 Rh5 32. Re2 Qf6 33. Rf1 Re8 34. Rff2 Rh3 35.
Ng5 Rxd3 36. Rd2 Rxb3 37. Rxd4 Rxa3 38. Rfd2 Ra1+ 39. Kf2 a4 40. Rd7+ Bxd7 41.
exd7 Rd8 42. Qh4 Qb6+ 43. Ke2 Ra3 44. Qf4 Qf6 45. Kf2 Rb3 46. Qh4 Rb2 47. Qh7+
Kf8 48. Qh6+ Kg8 49. Qh7+ Kf8 50. Qh6+ Ke7 51. Qh7+ Kf8 1/2-1/2

[Event "Hastings Masters 2010-11"]
[Site "Hastings ENG"]
[Date "2011.01.02"]
[Round "6.17"]
[White "Zhou, Yang-Fan"]
[Black "Hanssen, Gunnar Berg"]
[Result "0-1"]
[WhiteTitle "FM"]
[WhiteElo "2326"]
[BlackElo "2218"]
[WhiteFideId "468584"]
[BlackFideId "1501534"]
[EventDate "2010.12.28"]

1. e4 c6 2. d4 d5 3. exd5 cxd5 4. Bd3 Nc6 5. c3 Qc7 6. Ne2 Bg4 7. f3 Bd7 8. O-O
Nf6 9. f4 g6 10. Nd2 Bg7 11. Nf3 Bg4 12. Ne5 e6 13. Be3 Bf5 14. Bf2 Bxd3 15.
Qxd3 Ne4 16. Ng3 Nd6 17. Rae1 O-O 18. Nh1 Ne4 19. Ng3 Nd6 20. Re2 b5 21. Be1 a5
22. Bd2 Rac8 23. Rfe1 Rfd8 24. h4 b4 25. h5 bxc3 26. bxc3 Ne7 27. a4 Nc4 28. Rc1
Nxd2 29. Qxd2 Nc6 30. Nd3 Bh6 31. hxg6 hxg6 32. Rf2 Qe7 33. Nf1 Qa3 34. Qd1 Ne7
35. Nc5 Rxc5 36. dxc5 Qxc5 37. Qd4 Qc7 38. Ne3 Nc6 39. Qf6 Bg7 40. Qh4 Ne7 41.
Rcc2 Rb8 42. g4 Qa7 43. Kh2 g5 44. Qg3 gxf4 45. Qxf4 Ng6 46. Qg5 Be5+ 47. Kg2
Qb7 48. Rb2 Qxb2 49. Rxb2 Rxb2+ 50. Kf3 Bc7 51. c4 Kf8 52. cxd5 Ne5+ 53. Kg3
Nd3+ 54. Kf3 Ne1+ 55. Ke4 Rb4+ 0-1

[Event "Hastings Masters 2010-11"]
[Site "Hastings ENG"]
[Date "2011.01.02"]
[Round "6.22"]
[White "Rolvaag, Birk Anders"]
[Black "Eames, Robert S"]
[Result "0-1"]
[BlackTitle "FM"]
[WhiteElo "1917"]
[BlackElo "2275"]
[WhiteFideId "1507753"]
[BlackFideId "408743"]
[EventDate "2010.12.28"]

1. e4 c5 2. Nc3 Nc6 3. g3 g6 4. Bg2 Bg7 5. Nge2 d6 6. d3 Nf6 7. O-O O-O 8. h3
Rb8 9. f4 Bd7 10. g4 b5 11. Ng3 Nd4 12. Nce2 Bc6 13. c3 Nxe2+ 14. Qxe2 Nd7 15.
Be3 b4 16. Qd2 bxc3 17. bxc3 Qa5 18. Rac1 Qa3 19. Rf2 Nb6 20. Qb2 Qa5 21. Qa1
Na4 22. d4 Rb7 23. e5 Bxg2 24. Kxg2 Rfb8 25. Kg1 Nb2 26. Rfc2 Nc4 27. Bf2 Na3 0-1

[Event "Hastings Masters 2010-11"]
[Site "Hastings ENG"]
[Date "2011.01.02"]
[Round "6.23"]
[White "Kulkarni, Chinmay"]
[Black "Hegarty, Sarah N"]
[Result "1/2-1/2"]
[BlackTitle "WFM"]
[WhiteElo "2275"]
[BlackElo "2080"]
[WhiteFideId "5023513"]
[BlackFideId "2501465"]
[EventDate "2010.12.28"]

1. Nf3 Nf6 2. c4 g6 3. Nc3 d5 4. cxd5 Nxd5 5. Qa4+ Bd7 6. Qb3 Nb6 7. d4 Bg7 8.
e4 Bg4 9. Be3 Bxf3 10. gxf3 Nc6 11. d5 Nd4 12. Qd1 e5 13. f4 c5 14. dxc6 bxc6
15. fxe5 Bxe5 16. h4 Qf6 17. f4 Rd8 18. Qc1 Nf3+ 19. Kf2 Nxh4 20. Ke2 Nc4 21.
Rxh4 Qxh4 22. fxe5 Nxe5 23. Bg2 Qg4+ 24. Kf1 O-O 25. Nd1 f5 26. Nf2 fxe4 27. Qc3
Rd5 28. Re1 Nd3 29. Kg1 Nxf2 30. Bxf2 Rg5 31. Qb3+ Rf7 32. Qb8+ Rf8 33. Qb3+ Rf7
34. Qb8+ Rf8 35. Qb3+ Rf7 1/2-1/2

[Event "Hastings Masters 2010-11"]
[Site "Hastings ENG"]
[Date "2011.01.02"]
[Round "6.24"]
[White "Coates, David H"]
[Black "Kwiatkowski, Feliks J"]
[Result "1/2-1/2"]
[BlackTitle "CM"]
[WhiteElo "2067"]
[BlackElo "2246"]
[WhiteFideId "468606"]
[BlackFideId "401803"]
[EventDate "2010.12.28"]

1. d4 Nf6 2. c4 e6 3. Nc3 Bb4 4. Qc2 O-O 5. a3 Bxc3+ 6. Qxc3 b6 7. Bg5 Bb7 8. e3
d6 9. Ne2 Nbd7 10. Qd3 h6 11. Bh4 Ba6 12. b4 d5 13. b5 dxc4 14. Qxc4 Bb7 15. Nc3
Rc8 16. f3 c5 17. bxc6 Rxc6 18. Qd3 Qc8 19. Na2 Nd5 20. Be2 e5 21. O-O Re8 22.
Bf2 Rce6 23. Rac1 Qd8 24. Nc3 Nxc3 25. Qxc3 exd4 26. Qxd4 Nc5 27. Bc4 Rd6 28.
Qf4 Re7 29. Bg3 Rf6 30. Qd4 Rd7 31. Qa1 Qe7 32. e4 Nd3 33. Bxd3 Rxd3 34. Rc7 Rd7
35. Rfc1 Ba6 36. Rxd7 Qxd7 37. Qc3 Re6 38. Qc2 Re8 39. Rd1 Qb5 40. Bf2 Rc8 41.
Qd2 Qb3 42. Qd6 Rc2 43. Qe5 Rd2 44. Re1 Qa2 45. Qg3 Qxa3 46. Qb8+ Kh7 47. Qxa7
b5 48. Qxf7 Qd3 49. Qf5+ Kh8 50. Qf8+ Kh7 51. Qf5+ 1/2-1/2

[Event "Hastings Masters 2010-11"]
[Site "Hastings ENG"]
[Date "2011.01.02"]
[Round "6.25"]
[White "Malhotra, Tarun"]
[Black "Spence, David J"]
[Result "1/2-1/2"]
[WhiteElo "1913"]
[BlackElo "2237"]
[WhiteFideId "5020549"]
[BlackFideId "407429"]
[EventDate "2010.12.28"]

1. c4 c5 2. Nf3 Nc6 3. Nc3 g6 4. g3 Bg7 5. Bg2 d6 6. O-O e5 7. e4 Be6 8. d3 Nge7
9. Ne1 O-O 10. Nd5 Rb8 11. a4 a6 12. Nxe7+ Qxe7 13. a5 f5 14. f3 b5 15. axb6
Rxb6 16. Bd2 Rxb2 17. Rxa6 Qb7 18. Ra1 Nd4 19. Be3 Ne2+ 20. Kh1 f4 21. Bd2 Nd4
22. Bc3 Rb3 23. Bxd4 exd4 24. Rf2 Be5 25. g4 Rb8 26. Rc2 Bd7 27. Rcc1 Bf6 28.
Qd2 g5 29. Ra2 Kf7 30. h3 Ke6 31. Kg1 h5 32. Bf1 h4 33. Be2 Bd8 34. Bd1 Rb4 35.
Rca1 Rb1 36. Kf1 Rxa1 37. Rxa1 Ra8 38. Rxa8 Qxa8 39. Qb2 Qa7 40. Bb3 Qa5 41. Ke2
Qa7 42. Qa2 Ba5 43. Nc2 Ke7 44. Kf2 Qb6 45. Ke2 Bc6 46. Kf2 Bd2 47. Ke2 Bb4 48.
Kf2 Kd8 49. Ke2 Kc7 50. Kf2 Kb7 51. Ke2 Bd7 52. Kf2 Qa6 53. Qxa6+ Kxa6 54. Nxb4+
cxb4 55. Ke2 Ka5 56. Kd2 Kb6 1/2-1/2

[Event "Hastings Masters 2010-11"]
[Site "Hastings ENG"]
[Date "2011.01.02"]
[Round "6.26"]
[White "Britton, Richard L"]
[Black "Lenier, Jude"]
[Result "1-0"]
[WhiteTitle "FM"]
[WhiteElo "2229"]
[BlackElo "2006"]
[WhiteFideId "401692"]
[BlackFideId "470678"]
[EventDate "2010.12.28"]

1. Nf3 Nf6 2. g3 g6 3. Bg2 Bg7 4. O-O O-O 5. d3 d5 6. Nbd2 c5 7. e4 e6 8. Re1
Nc6 9. Qe2 Qc7 10. Nf1 d4 11. Nh4 e5 12. h3 h5 13. f4 Rb8 14. f5 Ne7 15. g4 hxg4
16. hxg4 gxf5 17. exf5 Nfd5 18. g5 f6 19. g6 Rd8 20. Qh5 Kf8 21. Be4 Ng8 22. Qf3
Nde7 23. Ng3 b6 24. Nh5 Rd7 25. Nxg7 Kxg7 26. Qh5 Nc6 27. Qh7+ Kf8 28. Bh6+ 1-0

[Event "Hastings Masters 2010-11"]
[Site "Hastings ENG"]
[Date "2011.01.02"]
[Round "6.31"]
[White "Helbig, Paul D"]
[Black "Barton, R Alan"]
[Result "1/2-1/2"]
[WhiteElo "2115"]
[BlackElo "2103"]
[WhiteFideId "401900"]
[BlackFideId "404233"]
[EventDate "2010.12.28"]

1. e4 b6 2. d4 Bb7 3. Nc3 e6 4. d5 Nf6 5. a3 Be7 6. Nf3 O-O 7. Bc4 exd5 8. exd5
d6 9. O-O Nbd7 10. Re1 a6 11. b4 b5 12. Bb3 Nb6 13. Bg5 h6 14. Bh4 Qd7 15. Qd3
Rae8 16. Re2 Nh5 17. Rxe7 Rxe7 18. Bxe7 Qxe7 19. Re1 Qf6 20. Ne2 Bc8 21. Qd4 Re8
22. Kf1 Bf5 23. Ng3 Nxg3+ 24. hxg3 Rxe1+ 25. Kxe1 Qxd4 26. Nxd4 Be4 27. Nc6 Kf8
28. Nb8 Ke8 29. Nxa6 Kd8 30. Nb8 Bxg2 31. Nc6+ Kd7 32. Nd4 Bxd5 33. Bxd5 Nxd5
34. Nxb5 Nb6 35. Nd4 g6 36. b5 d5 37. Ke2 Kd6 38. Nb3 h5 39. f4 f6 40. c3 g5 41.
fxg5 fxg5 42. Nd4 h4 43. gxh4 gxh4 44. Nf3 Kc5 45. Nxh4 Kc4 46. Kd2 Na4 47. Nf5
Nxc3 48. Ne3+ Kb3 49. Kd3 Nxb5 50. Nxd5 c5 51. a4 c4+ 52. Kd2 Kxa4 53. Nb6+ Kb3
54. Nxc4 1/2-1/2

[Event "Hastings Masters 2010-11"]
[Site "Hastings ENG"]
[Date "2011.01.02"]
[Round "6.32"]
[White "Atako, Chino"]
[Black "Prosviriakov, Vladimir"]
[Result "1/2-1/2"]
[BlackTitle "IM"]
[WhiteElo "2039"]
[BlackElo "2280"]
[WhiteFideId "468649"]
[BlackFideId "2004860"]
[EventDate "2010.12.28"]

1. e4 e5 2. Nf3 Nc6 3. Nc3 Nf6 4. Bb5 Nd4 5. Ba4 Bc5 6. O-O O-O 7. d3 d6 8. Nxd4
Bxd4 9. Bg5 c6 10. Bb3 h6 11. Be3 a5 12. a3 Qb6 13. Qc1 Kh7 14. Bxd4 Qxd4 15.
Ne2 Qa7 16. Ng3 Be6 17. Bxe6 fxe6 18. Qd1 b5 19. c3 c5 20. h3 Rf7 21. Qe2 Raf8
22. Qe3 Ng8 23. Kh2 Ne7 24. Ne2 Ng6 25. f3 Qe7 26. g3 Qd7 27. d4 exd4 28. cxd4
c4 29. Kg2 Kg8 30. Rac1 d5 31. e5 Ne7 32. g4 b4 33. axb4 axb4 34. Ra1 Qb7 35.
Kg3 Ra8 36. Nf4 Ra6 37. Qd2 Rxa1 38. Rxa1 Qb6 39. Ra4 b3 40. Ne2 Ng6 41. h4 Qd8
42. h5 Qh4+ 43. Kg2 Nf8 44. Ra8 Qe7 45. Kg3 Kh7 46. Qc1 g6 47. Qb1 Kg7 48. Nf4
Qg5 49. Qxg6+ Qxg6 50. hxg6 Rb7 51. Ne2 Nxg6 52. f4 Ne7 1/2-1/2

[Event "Hastings Masters 2010-11"]
[Site "Hastings ENG"]
[Date "2011.01.02"]
[Round "6.35"]
[White "Gibson, Christopher A"]
[Black "Sugden, John N"]
[Result "1/2-1/2"]
[WhiteElo "1984"]
[BlackElo "2193"]
[WhiteFideId "414697"]
[BlackFideId "402001"]
[EventDate "2010.12.28"]

1. d4 Nf6 2. c4 e6 3. Nf3 c5 4. d5 exd5 5. cxd5 d6 6. Nc3 g6 7. Nd2 Bg7 8. Nc4
O-O 9. Bg5 h6 10. Bf4 Ne8 11. Qd2 g5 12. Bg3 f5 13. h4 f4 14. Bh2 Nd7 15. e3 Qe7
16. O-O-O a6 17. hxg5 hxg5 18. exf4 b5 19. Na5 b4 20. Nc6 Qf7 21. Ne4 gxf4 22.
Ng5 Qf6 23. Bxf4 Nb6 24. Be3 Na4 25. Bd3 Qxb2+ 26. Qxb2 Bxb2+ 27. Kc2 Bf6 28.
Rh6 c4 29. Bh7+ Kg7 30. Ne6+ Bxe6 31. dxe6 Rh8 32. Rdh1 Rc8 33. Nd4 Nc5 34. Bf5
Rxh6 35. Bxh6+ Kg8 36. Be3 Rc7 37. g4 Ng7 38. Rh6 b3+ 39. axb3 cxb3+ 40. Kb1
Nxf5 41. gxf5 Ne4 42. Nxb3 Bg7 43. Rg6 Nc3+ 44. Kc2 Nd5+ 45. Kd2 Ne7 46. Rg5 Kf8
47. Rh5 Rc4 48. Ke2 Rb4 49. Nd2 Rb5 50. Rh4 Nxf5 51. Ra4 a5 1/2-1/2

[Event "Hastings Masters 2010-11"]
[Site "Hastings ENG"]
[Date "2011.01.02"]
[Round "6.36"]
[White "Williams, Peter A"]
[Black "Armstrong, Malcolm J"]
[Result "1-0"]
[WhiteElo "2179"]
[BlackElo "1957"]
[WhiteFideId "2275740"]
[BlackFideId "409049"]
[EventDate "2010.12.28"]

1. d4 d5 2. c4 e6 3. Nf3 Nf6 4. Nc3 Be7 5. Bf4 O-O 6. e3 c5 7. dxc5 Bxc5 8. Qc2
Qa5 9. Nd2 Bb4 10. Bd3 Nc6 11. O-O Bxc3 12. Nb3 Qa4 13. Qxc3 Qb4 14. Qxb4 Nxb4
15. Be2 dxc4 16. Bxc4 Nbd5 17. Be5 b6 18. Rac1 Bb7 19. Nd4 a6 20. Rfd1 Rfd8 21.
Be2 Rac8 22. Bf3 Kf8 23. a3 b5 24. h3 Rxc1 25. Rxc1 Rc8 26. Rxc8+ Bxc8 27. Kf1
Nb6 28. b3 Nfd5 29. Ke1 Bd7 30. e4 Ne7 31. Bc7 Na8 32. Bd6 Ke8 33. e5 Nb6 34.
Kd2 Ned5 35. Nc2 Bc6 36. Ne1 a5 37. Nd3 a4 38. Bb4 Kd7 39. Bxd5 Nxd5 40. bxa4
bxa4 41. g3 Ke8 42. Bd6 Bb5 43. Nc5 h6 44. Kc2 g6 45. Bb8 Ke7 46. Bd6+ Ke8 47.
Kd2 h5 48. h4 Kd8 49. Ne4 Ba6 50. Bc5 Kd7 51. Bd4 Ke7 52. Bc5+ Kd7 53. Bf8 Ke8
54. Bd6 Bf1 55. f3 f6 56. exf6 Kf7 57. Be5 Nb6 58. Ng5+ 1-0

[Event "Hastings Masters 2010-11"]
[Site "Hastings ENG"]
[Date "2011.01.02"]
[Round "6.37"]
[White "Marzano, Carlo"]
[Black "Jelsen, Yemi"]
[Result "1-0"]
[WhiteElo "2160"]
[BlackElo "1967"]
[WhiteFideId "802980"]
[BlackFideId "7101406"]
[EventDate "2010.12.28"]

1. Nc3 Nf6 2. d4 d5 3. Bg5 Bf5 4. e3 e6 5. Bd3 Bg6 6. f4 c5 7. Nf3 Nc6 8. O-O
Bh5 9. Be2 Be7 10. Ne5 Bxe2 11. Nxe2 O-O 12. c3 Rc8 13. Ng3 b5 14. Bxf6 Bxf6 15.
Nh5 Be7 16. Rf3 g6 17. Rh3 Nxe5 18. fxe5 Bg5 19. Qg4 cxd4 20. exd4 h6 21. Rf1
gxh5 22. Qxh5 f5 23. Qg6+ Kh8 24. Rxh6+ Bxh6 25. Qxh6+ Kg8 26. Qg6+ Kh8 27. Qh6+
Kg8 28. Rf3 Kf7 29. Rg3 Qd7 30. Rg7+ Ke8 31. Rxd7 Kxd7 32. Qg7+ 1-0

[Event "Hastings Masters 2010-11"]
[Site "Hastings ENG"]
[Date "2011.01.02"]
[Round "6.39"]
[White "Rayner, Francis"]
[Black "Messam-Sparks, Lateefah"]
[Result "1-0"]
[WhiteElo "2141"]
[BlackElo "1917"]
[WhiteFideId "1800132"]
[BlackFideId "470813"]
[EventDate "2010.12.28"]

1. e4 c5 2. Nf3 d6 3. d4 cxd4 4. Nxd4 Nf6 5. Nc3 e6 6. f4 Nc6 7. Be3 Be7 8. Qf3
Bd7 9. Bd3 a6 10. O-O O-O 11. Qg3 Ne8 12. Nf3 b5 13. e5 f5 14. exf6 Nxf6 15.
Rae1 Nb4 16. Bd4 Nxd3 17. cxd3 Nh5 18. Qg4 Nf6 19. Bxf6 Bxf6 20. Ng5 Bxg5 21.
fxg5 Rxf1+ 22. Rxf1 Qb6+ 23. Kh1 Rf8 24. Rxf8+ Kxf8 25. Qf4+ Kg8 26. d4 d5 27.
h4 b4 28. Nd1 a5 29. Ne3 Qc6 30. Ng4 Be8 31. Qb8 Kf8 32. Kh2 Ke7 33. Qa7+ Bd7
34. Qxa5 Qc2 35. Qa7 Qc1 36. Qb8 Qxb2 1-0

[Event "Hastings Masters 2010-11"]
[Site "Hastings ENG"]
[Date "2011.01.02"]
[Round "6.40"]
[White "Campbell, Eoin"]
[Black "Cafferty, Bernard"]
[Result "0-1"]
[BlackTitle "FM"]
[WhiteElo "1950"]
[BlackElo "2133"]
[WhiteFideId "2400740"]
[BlackFideId "401005"]
[EventDate "2010.12.28"]

1. Nf3 Nf6 2. c4 c5 3. g3 g6 4. Bg2 Bg7 5. O-O O-O 6. Nc3 Nc6 7. d4 cxd4 8. Nxd4
Ng4 9. Nc2 Bxc3 10. bxc3 Qa5 11. e4 d6 12. Ne3 Nxe3 13. Bxe3 Be6 14. f4 Bxc4 15.
Rf3 f6 16. g4 Rad8 17. Rh3 d5 18. Qe1 Rf7 19. Qf2 Rg7 20. Rd1 dxe4 21. Rxd8+
Qxd8 22. Bxe4 Qd1+ 23. Kg2 Qxg4+ 24. Rg3 Qd1 25. Bf3 Qa1 26. h4 Qxa2 27. Bd2 Bd5
28. Kh3 e6 29. Rg2 Bxf3 30. Qxf3 Qd5 31. Qg3 Qf5+ 32. Kh2 Rd7 0-1

[Event "Hastings Masters 2010-11"]
[Site "Hastings ENG"]
[Date "2011.01.02"]
[Round "6.42"]
[White "Gibbs, Dominic V"]
[Black "Kurka, Dieter"]
[Result "0-1"]
[WhiteElo "1941"]
[BlackElo "2040"]
[WhiteFideId "412090"]
[BlackFideId "12902047"]
[EventDate "2010.12.28"]

1. e4 c5 2. c3 d5 3. exd5 Qxd5 4. d4 e6 5. Nf3 Nf6 6. a3 Nc6 7. Be3 cxd4 8. cxd4
Be7 9. Nc3 Qd6 10. Bd3 O-O 11. O-O Rd8 12. Qe2 b6 13. Rad1 Bb7 14. Rfe1 Rac8 15.
Bg5 h6 16. Bc1 Na5 17. Ne5 Nb3 18. Be3 Nd7 19. Qg4 Nf6 20. Qh3 h5 21. Bg5 Nxd4
22. Bf4 Qc5 23. Bb1 Bd6 24. Nxf7 Kxf7 25. Rxd4 Qxd4 26. Qxe6+ Kf8 27. Bg6 Rd7
28. Be3 Qe5 29. Qh3 Re7 30. Rd1 Ng4 31. Rf1 Qxh2+ 0-1

[Event "Hastings Masters 2010-11"]
[Site "Hastings ENG"]
[Date "2011.01.02"]
[Round "6.43"]
[White "Norinkeviciute, Rasa"]
[Black "Haria, Ravi"]
[Result "1/2-1/2"]
[WhiteTitle "WFM"]
[WhiteElo "2028"]
[BlackElo "1952"]
[WhiteFideId "12801925"]
[BlackFideId "415820"]
[EventDate "2010.12.28"]

1. c4 Nf6 2. g3 c5 3. Nc3 d5 4. cxd5 Nxd5 5. Bg2 Nc7 6. Nf3 Nc6 7. O-O e5 8. a3
f6 9. Rb1 a5 10. e3 Be7 11. d4 cxd4 12. exd4 Nxd4 13. Nxd4 Qxd4 14. Qc2 O-O 15.
Be3 Qg4 16. Bxb7 Rb8 17. Bg2 Be6 18. Qa4 Qxa4 19. Nxa4 Na6 20. Rbc1 Bb3 21. Nc5
Nxc5 22. Bxc5 Bxc5 23. Rxc5 a4 24. Rfc1 Rfd8 25. Bh3 Rd2 26. Bf5 Rxb2 27. Rc8+
Rxc8 28. Rxc8+ Kf7 29. Rc7+ Kg8 30. Rc8+ Kf7 31. Rc7+ Kg8 32. Rc8+ 1/2-1/2

[Event "Hastings Masters 2010-11"]
[Site "Hastings ENG"]
[Date "2011.01.02"]
[Round "6.46"]
[White "Clayton, Tristan"]
[Black "Stewart, Ashley"]
[Result "1/2-1/2"]
[WhiteElo "1791"]
[BlackElo "1980"]
[WhiteFideId "416533"]
[BlackFideId "419001"]
[EventDate "2010.12.28"]

1. e4 c5 2. Nc3 a6 3. g3 b5 4. a3 Bb7 5. Bg2 e6 6. d3 Nf6 7. Nf3 Nc6 8. O-O Be7
9. Ne2 Qb6 10. Bg5 d6 11. h3 O-O 12. Nh2 Rac8 13. Qd2 Rfd8 14. c3 e5 15. Bxf6
Bxf6 16. Ng4 Be7 17. Ne3 Na5 18. Qc2 c4 19. d4 Nb3 20. Rad1 a5 21. Nd5 Bxd5 22.
exd5 Bf6 23. Qf5 exd4 24. Be4 Re8 25. Qxh7+ Kf8 26. Nf4 dxc3 27. bxc3 Rxe4 28.
Qh8+ Ke7 29. Qxc8 Bxc3 30. Qf5 Re5 31. Qc2 b4 32. Ne2 Nd4 33. Nxd4 Bxd4 34. Qxc4
Bc5 35. axb4 Qxb4 36. Qc2 Qa3 37. Rd3 Qb4 38. Rb3 Qe4 39. Qxe4 Rxe4 40. Rb7+ Kf6
41. Rb5 a4 42. Rd1 a3 43. Ra1 Re2 44. Rxc5 dxc5 45. Rxa3 Rd2 46. Ra6+ Ke7 47.
Ra7+ Ke8 48. Ra8+ Ke7 49. Ra7+ Ke8 1/2-1/2

[Event "Hastings Masters 2010-11"]
[Site "Hastings ENG"]
[Date "2011.01.02"]
[Round "6.48"]
[White "Pleininger, Rudolf"]
[Black "Macrae, James S"]
[Result "1-0"]
[WhiteElo "1998"]
[BlackElo "1763"]
[WhiteFideId "1305999"]
[BlackFideId "2401797"]
[EventDate "2010.12.28"]

1. e4 Nc6 2. Nf3 d6 3. d4 Nf6 4. Nc3 a6 5. h3 e5 6. Be3 exd4 7. Nxd4 Nxd4 8.
Qxd4 Be7 9. Be2 Be6 10. O-O-O c5 11. Qd2 Qc7 12. g4 b5 13. g5 b4 14. Nd5 Nxd5
15. exd5 Bf5 16. Bc4 O-O 17. Rdg1 a5 18. h4 a4 19. h5 Rfe8 20. f3 Bf8 21. Rg3
Qb7 22. g6 fxg6 23. hxg6 Bxg6 24. Rgh3 b3 25. cxb3 axb3 26. a3 Qe7 27. Bg5 Qe5
28. Bf4 Qf5 29. Kd1 Qc2+ 30. Qxc2 Bxc2+ 31. Kd2 h6 32. Bb5 Red8 33. Rg1 Kh8 34.
Ke2 Ra7 35. Kf2 Rf7 36. Bd2 Be7 37. Bc3 Bf6 38. Bxf6 Rxf6 39. Re1 Rdf8 40. Re3
Rf5 41. Bc4 Rf4 42. Bxb3 Bxb3 43. Rxb3 Rd4 44. Rh5 Kh7 45. Rb7 Kg6 46. Rh3 Rxd5
47. Rg3+ Rg5 48. Rxg5+ hxg5 49. Rd7 Rf6 50. Ke3 Re6+ 51. Kd3 Kf6 52. a4 g6 53.
a5 Kf5 54. Kc4 Kf4 55. Rf7+ Kg3 56. Kb5 Re1 57. a6 Ra1 58. a7 g4 59. fxg4 Kxg4
60. Kc6 g5 61. Kxd6 c4 62. Kc5 Kg3 63. Kxc4 g4 64. Kb5 Kg2 65. b4 g3 66. Kb6 Kg1
67. b5 g2 68. Kb7 Kh2 69. Rh7+ Kg3 70. a8=Q 1-0

[Event "Hastings Masters 2010-11"]
[Site "Hastings ENG"]
[Date "2011.01.03"]
[Round "7.1"]
[White "Edouard, Romain"]
[Black "Prasanna, Rao"]
[Result "1-0"]
[WhiteTitle "GM"]
[BlackTitle "IM"]
[WhiteElo "2636"]
[BlackElo "2400"]
[WhiteFideId "633429"]
[BlackFideId "5022401"]
[EventDate "2010.12.28"]

1. e4 e5 2. Nf3 Nc6 3. Bb5 a6 4. Ba4 Nf6 5. O-O b5 6. Bb3 Bc5 7. d3 d6 8. a4 Rb8
9. axb5 axb5 10. c3 Bb6 11. h3 h6 12. Na3 Bd7 13. Nxb5 Na5 14. Ba4 O-O 15. b4
Nc6 16. Na3 Nh5 17. Nc4 Qf6 18. Bxc6 Bxc6 19. Nfxe5 dxe5 20. Qxh5 Rfe8 21. Be3
Rbd8 22. Qe2 Bb5 23. Rfd1 Bxe3 24. Nxe3 Qg6 25. Nd5 Bd7 26. Nxc7 Bxh3 27. Qf3
Bg4 28. Qg3 Bxd1 29. Qxg6 fxg6 30. Nxe8 Bc2 31. Nc7 Rxd3 32. Nd5 Bb3 33. b5 Bxd5
34. exd5 Rxc3 35. b6 Rb3 36. d6 Kf7 37. Ra7+ Ke6 38. d7 1-0

[Event "Hastings Masters 2010-11"]
[Site "Hastings ENG"]
[Date "2011.01.03"]
[Round "7.7"]
[White "Neverov, Valeriy"]
[Black "Radovanovic, Jovica"]
[Result "1/2-1/2"]
[WhiteTitle "GM"]
[BlackTitle "FM"]
[WhiteElo "2522"]
[BlackElo "2276"]
[WhiteFideId "14100150"]
[BlackFideId "915912"]
[EventDate "2010.12.28"]

1. d4 Nf6 2. c4 g6 3. Nc3 Bg7 4. e4 d6 5. f3 O-O 6. Bg5 a6 7. Qd2 Nbd7 8. Nh3 c5
9. d5 b5 10. cxb5 Qb6 11. a4 axb5 12. Bxb5 Ba6 13. O-O Ra7 14. Bh6 Bxh6 15. Qxh6
Bxb5 16. axb5 c4+ 17. Nf2 Rxa1 18. Rxa1 Ne8 19. Ra6 Qd4 20. Rc6 Nef6 21. Nd1 Rb8
22. Qe3 Qxe3 23. Nxe3 Ne5 24. Rc7 Rxb5 25. Nfd1 Rb4 26. Kf1 Kf8 27. Rc8+ Kg7 28.
Ke2 e6 29. dxe6 fxe6 30. Rc7+ Kf8 31. Nc2 Rb6 32. Nd4 d5 33. exd5 exd5 34. Kd2
Ned7 35. Kc3 h5 36. Ne3 Ke7 37. Rc8 Kf7 38. Ra8 Ke7 39. Ra5 Kd6 40. Nb5+ Kc6 41.
Nc2 Nc5 42. Ncd4+ Kd7 43. Ra7+ Rb7 44. Ra8 Ne8 45. Kb4 Nd3+ 46. Ka5 Nc7 47. Rg8
Nxb5 48. Nxb5 Kc6 49. Rc8+ Kd7 50. Rg8 Kc6 1/2-1/2

[Event "Hastings Masters 2010-11"]
[Site "Hastings ENG"]
[Date "2011.01.03"]
[Round "7.22"]
[White "Ledger, Dave J"]
[Black "Rayner, Francis"]
[Result "1/2-1/2"]
[WhiteTitle "FM"]
[WhiteElo "2261"]
[BlackElo "2141"]
[WhiteFideId "401986"]
[BlackFideId "1800132"]
[EventDate "2010.12.28"]

1. e4 Nf6 2. e5 Nd5 3. d4 d6 4. c4 Nb6 5. f4 dxe5 6. fxe5 Nc6 7. Be3 Bf5 8. Nc3
e6 9. Nf3 Bg4 10. Be2 Bxf3 11. gxf3 Qd7 12. f4 Rd8 13. d5 Bb4 14. Bxb6 axb6 15.
Bf3 exd5 16. cxd5 Qh3 17. Ke2 O-O 18. Nb5 Bc5 19. Qd2 Rfe8 20. Raf1 Nxe5 21.
fxe5 Rxe5+ 22. Kd1 Re3 23. Be2 c6 24. Nc3 Bb4 25. Rf4 Rxd5 26. Rxb4 Rxd2+ 27.
Kxd2 Re8 28. Rd1 b5 29. Kc2 Qxh2 30. Re4 Kf8 31. Rd2 Qh1 32. Red4 c5 33. Rd7 b4
34. Nd5 Qe4+ 35. Bd3 Qe6 36. Bb5 Qf5+ 37. Kb3 Qg5 38. Nc7 Rc8 39. Re2 c4+ 40.
Kxb4 b6 41. Nd5 Qg4 42. Rde7 g6 43. Bd7 Qd4 44. Bxc8 c3+ 45. Ka3 cxb2 46. Rxf7+
Kxf7 47. Be6+ Kg7 48. Rxb2 Qc5+ 49. Rb4 Qf2 50. Nf4 g5 51. Nh5+ Kg6 52. Bg4 Qc5
53. Kb3 Qd5+ 54. Kc3 Qc5+ 55. Kb3 Qd5+ 1/2-1/2

[Event "Hastings Masters 2010-11"]
[Site "Hastings ENG"]
[Date "2011.01.03"]
[Round "7.24"]
[White "Hegarty, Sarah N"]
[Black "Rudd, Jack"]
[Result "0-1"]
[WhiteTitle "WFM"]
[BlackTitle "IM"]
[WhiteElo "2080"]
[BlackElo "2253"]
[WhiteFideId "2501465"]
[BlackFideId "405736"]
[EventDate "2010.12.28"]

1. e4 c5 2. Nf3 Nc6 3. d4 cxd4 4. Nxd4 Nf6 5. Nc3 e6 6. Ndb5 Bb4 7. a3 Bxc3+ 8.
Nxc3 d5 9. exd5 exd5 10. Bd3 O-O 11. O-O Bg4 12. f3 Be6 13. Kh1 Rc8 14. Bg5 Ne5
15. Qd2 Nxd3 16. cxd3 d4 17. Ne2 Rc5 18. Rfc1 Re5 19. Bxf6 gxf6 20. Re1 Re8 21.
Ng3 Bd5 22. Rxe5 fxe5 23. Re1 Re6 24. Ne4 Rg6 25. Qc2 Bc6 26. Qc5 Qh4 27. Rg1 f5
28. Nd6 Qf6 29. Nc8 Rh6 30. Qe7 Bd7 31. g4 fxg4 32. Qxd7 Qxf3+ 33. Rg2 Qf1+ 34.
Rg1 Rxh2+ 0-1